000 00464cam a22001457a 4500
008 180718b1990 xxu||||| |||| 00| 0 eng d
082 _aAPPPA 89-90 PAH
100 _aPahuja, A.N.
245 _aIncentives to non-residents for attracting investment in India
_cby A.N. Pahuja
260 _aNew Delhi
_bIndian Institute of Public Administration
_c1990
300 _a175+p.
650 _aAttracting investment-India
650 _aNon-residents
650 _aIncentives
999 _c501518
_d501518